Statistiques concernant Retrouve la carrière du joueur anglais.

Cliquez ici pour prendre le quiz!

Statistiques générales

  • Ce quiz a été pris 46 fois
  • Le résultat moyen est 10 sur 20

Statistiques - réponses

CarrièreRéponses% Correct
Je suis passé par Leyton Orient, Milwall, Tottenham, Norwich, Leicester, Tottenham et le Bayern Munich. Qui suis je ?Harry Kane
91%
Je suis passé par West Ham de 2017 à 2023 avant de rejoindre Arsenal la meme année. Qui suis je ?Declan Rice
89%
Je suis passé par Notts County, Aston Villa et Manchester City. Qui suis je ?Jack Grealish
87%
Je suis passé par Manchester United et Getafe. Qui suis je ?Mason Greenwood
82%
Je suis passé par Dortmund, Manchester City et Dortmund. Qui suis je ?Jadon Sancho
71%
Je suis passé par Barnsley, Burnley, Tottenham, Atlético Madrid et Newcastle. Qui suis je ?Kieran Trippier
71%
Je suis passé par Tottenham, QPR, Aston Villa, Tottenham et Manchester City. Qui suis je ?Kyle Walker
69%
Je suis passé par Newport, Brighton, Peterborough, Leeds, Brighton et Arsenal. Qui suis je ?Ben White
51%
Je suis passé par Chelsea, Vitesse, Derby County, Chelsea et Manchester United. Qui suis je ?Mason Mount
51%
Je suis passé par Arsenal, Ipswich, Arsenal, West Brom, Arsenal, Rome, Southampton et Lyon. Qui suis je ?Ainsley Maitland Niles / Maitland Niles/ Niles
49%
Je suis passé par Manchester United, Boavista et Lille. Qui suis je ?Angel Gomes
49%
Je suis passé par Leeds, Newcastle, Aston Villa, Newcastle, Aston Villa, Manchester City, Liverpool et Brighton. Qui suis je ?James Milner
49%
Je suis passé par Chesterfield, Wimbledon, Sheffield et Arsenal. Qui suis je ?Aaron Ramsdale
47%
Je suis passé par Chelsea, Bayer Leverkusen et Nottingham. Qui suis je ?Callum Hudson-Odoi / Hudson/ Odoi
36%
Je suis passé par Exeter, Weston Super Mare, Exeter, Brentford et Aston Villa. Qui suis je ?Ollie Watkins
31%
Je suis passé par Chelsea, Vitesse, Chelsea, Liverpool et Bournemouth. Qui suis je ?Dominic Solanke
22%
Je suis passé par Kettering, Tamworth, Coventry, Bournemouth et Newcastle. Qui suis je ?Callum Wilson
18%
Je suis passé par Southampton, Arsenal, Middlesbourgh, Arsenal, Fulham, Arsenal et Aston Villa. Qui suis je ?Calum Chambers
9%
Je suis passé par Nortampton, Middlesbourgh, Blackburn, Sunderland, Brighton. Qui suis je ?Jason Steele
7%
Je suis passé par Dartford, Accrington, Fulham, Middlesbourgh et Chelsea. Qui suis je ?Marcus Bettinnelli
2%

Distribution des résultats

Percentile par nombre de réponses

% des personnes avec chaque résultat

Votre développement - résultats

Vous n’avez pas pris ce quiz